000 00758cam a22002292 4500
001 0000012942
005 20151217155219.0
008 090513s xx 000 0 eng d
020 _a0131995855 :
040 _aKABU
_cKABU
100 1 _aFloyd, Thomas L.
_@0000156408
245 1 0 _aElectronic fundamentals :
_bcircits, devices, and applications /
_cThomas L. Floyd.
250 _a7th ed.
260 _aUpper Saddle River, NJ. :
_bPrentice Hall,
_c2007.
300 _axv, 1040 p. +
_e1 CD-ROM.
650 0 _aElectronics.
_@0000010711
650 0 _aElectronic circuits.
_@0000148505
650 0 _aElectronic apparatus and appliances.
_@0000156413
852 1 _9p4275 KES
908 _a090513
950 _@1
999 _c12048
_d12048